|
|
|
|
| LEADER |
01561nam a22002291a 4500 |
| 082 |
|
|
|a 954.003
|b SAC/D.2
|
| 100 |
|
|
|a Sachidananda Bhattacharya
|9 82161
|
| 245 |
|
|
|a A dictionary of Indian history (v.2)/
|c by Sachidananda Bhattacharya
|
| 260 |
|
|
|a New Delhi:
|b Cosmo,
|c 1994.
|
| 300 |
|
|
|a 441-890p.
|
| 650 |
|
|
|a History India Dictionary
|9 82162
|
| 650 |
|
|
|a History India
|9 82163
|
| 650 |
|
|
|a History
|9 82164
|
| 942 |
|
|
|c BK
|
| 999 |
|
|
|c 10766
|d 10766
|
| 952 |
|
|
|0 0
|1 0
|4 0
|6 954_003000000000000_SAC_D_2
|7 0
|9 15755
|a SSUS
|b SSUS
|c STACKS
|d 2015-01-08
|g 375.00
|o 954.003 SAC/D.2
|p 008059
|r 2015-01-08
|v 0.00
|w 2015-01-08
|y BK
|
| 952 |
|
|
|0 0
|1 0
|4 0
|6 954_003000000000000_SAC_D_2
|7 0
|9 15756
|a SSUS
|b SSUS
|c STACKS
|d 2015-01-08
|g 375.00
|o 954.003 SAC/D.2
|p 000570
|r 2015-01-08
|v 0.00
|w 2015-01-08
|y BK
|
| 952 |
|
|
|0 0
|1 0
|4 0
|6 954_003000000000000_SAC_D_2
|7 0
|9 15757
|a SSUS
|b SSUS
|c STACKS
|d 2015-01-08
|g 375.00
|o 954.003 SAC/D.2
|p 008060
|r 2015-01-08
|v 0.00
|w 2015-01-08
|y BK
|
| 952 |
|
|
|0 0
|1 0
|4 0
|6 954_003000000000000_SAC_D_2
|7 0
|9 15758
|a SSUS
|b SSUS
|c STACKS
|d 2015-01-08
|g 375.00
|o 954.003 SAC/D.2
|p 008061
|r 2015-01-08
|v 0.00
|w 2015-01-08
|y BK
|
| 952 |
|
|
|0 0
|1 0
|4 0
|6 954_003000000000000_SAC_D_2
|7 0
|9 15759
|a SSUS
|b SSUS
|c STACKS
|d 2015-01-08
|g 375.00
|o 954.003 SAC/D.2
|p 008062
|r 2015-01-08
|v 0.00
|w 2015-01-08
|y BK
|
| 952 |
|
|
|0 0
|1 0
|4 0
|6 R_954_003000000000000_SAC_D_2
|7 0
|9 15760
|a SSUS
|b SSUS
|c REF
|d 2015-01-08
|g 375.00
|o R 954.003 SAC/D.2
|p 008063
|r 2015-01-08
|v 0.00
|w 2015-01-08
|y REF
|
| 952 |
|
|
|0 0
|1 0
|2 ddc
|4 0
|6 954_003000000000000_SAC_D_2
|7 0
|9 104262
|a SSUS
|b SSUS
|c STACKS
|d 2020-11-19
|g 375.00
|o 954.003 SAC/D.2
|p 101097
|r 2020-11-19
|w 2020-11-19
|y BK
|